000 00343nam a2200133Ia 4500
008 231129s1987||||xx |||||||||||||| ||spa||
020 _a968-24-1133-5
040 _bspa
082 _a631.4 S944s
245 0 _aSuelos y fertilización
260 _c1987
264 _aMéxico : Trillas
942 _2ddc
_cBKS
999 _c24887
_d24887